000 00331 a2200145 4500
001 162507
020 _a
040 _cMagnum
100 _aRegina, Tia.
240 1 0 _aA cidade subterranea - a lagoa azul
_lpor
245 1 0 _aA cidade subterranea - a lagoa azul
362 0 _a1899
697 _aIJ/LENDAS, FOLCLORE
942 _cBK
999 _c162507
_d162507